[Event "St Petersburg Summer op"]
[Site "St Petersburg"]
[Date "2017.08.23"]
[Round "8"]
[White "Glazov, Anatoly"]
[Black "Kalashnikova, Elena"]
[Result "1-0"]
[WhiteElo "1711"]
[BlackElo "1737"]
[PlyCount "111"]
[EventDate "2017.08.16"]
[EventType "swiss"]
[EventRounds "9"]
[EventCountry "RUS"]
[SourceTitle "CBM 180 Extra"]
[Source "ChessBase"]
[SourceDate "2017.10.06"]
[SourceVersion "1"]
[SourceVersionDate "2017.10.06"]
[SourceQuality "1"]

1. Nf3 Nf6 2. g3 g6 3. d4 Bg7 4. Nc3 d5 5. Ne5 c5 6. e3 Nbd7 7. Bb5 0-0 8. Nxd7 Bxd7 9. 0-0 Bh3 10. dxc5 Bxf1 11. Kxf1 Qc8 12. Nxd5 Qh3+ 13. Ke1 Rad8 14. Nxe7+ Kh8 15. Qf3 Ng4 16. c3 Nxh2 17. Qxb7 Ng4 18. Bd7 Qh2 19. c6 Qxf2+ 20. Kd1 Qf3+ 21. Ke1 Be5 22. Qxa7 Bxg3+ 23. Kd2 Qf2+ 24. Kd1 Qf3+ 25. Kd2 Nf2 26. Qd4+ f6 27. Kc2 Be5 28. Qd5 Qxd5 29. Nxd5 Ne4 30. b4 h5 31. Ba3 Bd6 32. Nf4 Bxf4 33. exf4 Ra8 34. Bb2 Rf7 35. b5 Nc5 36. Rd1 Nxd7 37. cxd7 Rd8 38. c4 Rdxd7 39. Rxd7 Rxd7 40. Bxf6+ Kg8 41. Kc3 Kf7 42. Bg5 Ke6 43. a4 Kd6 44. Kb4 Kc7 45. a5 Rh7 46. f5 gxf5 47. Bf4+ Kb7 48. a6+ Ka7 49. Ka5 Ka8 50. b6 Rh8 51. c5 Rd8 52. Kb5 h4 53. c6 Rd5+ 54. Kc4 Rd8 55. b7+ Ka7 56. c7 1-0

[Event "St Petersburg Summer op"]
[Site "St Petersburg"]
[Date "2017.08.21"]
[Round "6"]
[White "Razumovskiy, Mikhail"]
[Black "Glazov, Anatoly"]
[Result "1-0"]
[WhiteElo "1849"]
[BlackElo "1711"]
[PlyCount "99"]
[EventDate "2017.08.16"]
[EventType "swiss"]
[EventRounds "9"]
[EventCountry "RUS"]
[SourceTitle "CBM 180 Extra"]
[Source "ChessBase"]
[SourceDate "2017.10.06"]
[SourceVersion "1"]
[SourceVersionDate "2017.10.06"]
[SourceQuality "1"]

1. d4 d5 2. c4 e6 3. Nf3 Bb4+ 4. Bd2 Bxd2+ 5. Qxd2 Nf6 6. Nc3 0-0 7. g3 Re8 8. Bg2 dxc4 9. Ne5 c6 10. 0-0 Nbd7 11. Nxc4 Qc7 12. Rfd1 e5 13. Rac1 e4 14. Qc2 Nb6 15. Nxe4 Nxe4 16. Nxb6 Qxb6 17. Bxe4 g6 18. d5 cxd5 19. Bxd5 Be6 20. e4 Rac8 21. Qd2 Rcd8 22. b3 Rd6 23. Rc4 Red8 24. Rd4 Qc5 25. h4 b5 26. b4 Qb6 27. Qf4 Bxd5 28. Rxd5 Rxd5 29. Rxd5 Kf8 30. Qe5 Rxd5 31. exd5 f6 32. Qc3 Ke7 33. Qc5+ Kd7 34. Kf1 Qa6 35. Kg2 Qxa2 36. Qxb5+ Ke7 37. Qc5+ Kd8 38. Qf8+ Kd7 39. Qf7+ Kc8 40. Qg8+ Kd7 41. Qf7+ Kc8 42. Qe8+ Kc7 43. Qe7+ Kc8 44. d6 Qd5+ 45. Kh2 Qc6 46. Qxf6 Qb6 47. Qf8+ Kd7 48. Qe7+ Kc6 49. Kg2 Qb7 50. b5+ 1-0

[Event "St Petersburg Summer op"]
[Site "St Petersburg"]
[Date "2017.08.17"]
[Round "2"]
[White "Garifullina, Leya"]
[Black "Glazov, Anatoly"]
[Result "1-0"]
[WhiteElo "1970"]
[BlackElo "1711"]
[PlyCount "111"]
[EventDate "2017.08.16"]
[EventType "swiss"]
[EventRounds "9"]
[EventCountry "RUS"]
[SourceTitle "CBM 180 Extra"]
[Source "ChessBase"]
[SourceDate "2017.10.06"]
[SourceVersion "1"]
[SourceVersionDate "2017.10.06"]
[SourceQuality "1"]

1. d4 Nf6 2. c4 g6 3. Nc3 d5 4. cxd5 Nxd5 5. e4 Nxc3 6. bxc3 Bg7 7. Be3 c5 8. Rc1 Qa5 9. Qd2 cxd4 10. cxd4 Qxd2+ 11. Bxd2 0-0 12. Nf3 Nc6 13. Be3 Bg4 14. d5 Bxf3 15. gxf3 Ne5 16. Be2 Rfc8 17. Kd2 h5 18. Rxc8+ Rxc8 19. Rc1 Rxc1 20. Kxc1 b6 21. Kc2 Kf8 22. Kb3 Ke8 23. Kb4 Kd8 24. a4 Kc7 25. a5 Kb7 26. axb6 axb6 27. Kb5 Nd7 28. f4 Bc3 29. e5 f5 30. d6 exd6 31. Bf3+ Kc7 32. e6 Nc5 33. Bd5 Bf6 34. e7 Bxe7 35. Bf7 h4 36. Bxg6 Bf6 37. Bxf5 Bc3 38. Bg4 Bf6 39. h3 Kb7 40. Bf3+ Kc7 41. f5 Nd7 42. Bd5 Nc5 43. Bh6 Nd3 44. f4 Nf2 45. Bg2 Bd4 46. Bg5 Be3 47. f6 Bd4 48. Bxh4 Nd3 49. f7 Bg7 50. Bg5 Kd7 51. Be4 Nc5 52. Bf5+ Kc7 53. Be7 Nb3 54. Kc4 Nd4 55. Bf6 d5+ 56. Kd3 1-0

[Event "Chigorin Memorial 24th"]
[Site "St Petersburg"]
[Date "2016.10.19"]
[Round "5"]
[White "Grishaev, Igor"]
[Black "Glazov, Anatoly"]
[Result "1-0"]
[WhiteElo "1956"]
[BlackElo "1763"]
[PlyCount "69"]
[EventDate "2016.10.15"]
[EventType "swiss"]
[EventRounds "9"]
[EventCountry "RUS"]
[SourceTitle "CBM 175 Extra"]
[Source "ChessBase"]
[SourceDate "2016.12.12"]
[SourceVersion "1"]
[SourceVersionDate "2016.12.12"]
[SourceQuality "1"]

1. d4 d5 2. c4 e6 3. Nc3 Nf6 4. Nf3 Bb4 5. e3 Ne4 6. Qc2 c5 7. dxc5 Qa5 8. Bd2 Nxd2 9. Nxd2 Qxc5 10. cxd5 Bxc3 11. bxc3 exd5 12. Bd3 g6 13. 0-0 0-0 14. Rab1 Nc6 15. Rb5 Qd6 16. Rd1 b6 17. e4 dxe4 18. Nxe4 Qe7 19. Rd5 Bb7 20. Rd7 Qe5 21. Rxb7 Rfd8 22. Qb3 Qf4 23. g3 Qf3 24. Ng5 Qd5 25. Nxf7 Na5 26. Nh6+ Kh8 27. Qxd5 Rxd5 28. Re7 Rc8 29. Ng4 Rd6 30. Be2 Rcd8 31. Rxd6 Rxd6 32. Ne5 Rd2 33. Bf3 Rxa2 34. Nd7 Ra1+ 35. Kg2 1-0

[Event "Chigorin Memorial 24th"]
[Site "St Petersburg"]
[Date "2016.10.15"]
[Round "1"]
[White "Siagodnik, Anton"]
[Black "Glazov, Anatoly"]
[Result "1-0"]
[WhiteElo "2235"]
[BlackElo "1763"]
[PlyCount "77"]
[EventDate "2016.10.15"]
[EventType "swiss"]
[EventRounds "9"]
[EventCountry "RUS"]
[SourceTitle "CBM 175 Extra"]
[Source "ChessBase"]
[SourceDate "2016.12.12"]
[SourceVersion "1"]
[SourceVersionDate "2016.12.12"]
[SourceQuality "1"]

1. d4 Nf6 2. Nf3 d5 3. g3 c6 4. Bg2 Bf5 5. 0-0 Nbd7 6. c4 Qc7 7. Nc3 dxc4 8. Nd2 Nb6 9. a4 a5 10. e4 Bg6 11. Qe2 Bh5 12. Nf3 e6 13. Bf4 Qc8 14. Qe3 Ra6 15. h3 Be7 16. g4 Bg6 17. Ne5 0-0 18. h4 h5 19. g5 Ng4 20. Nxg6 fxg6 21. Qg3 Qd8 22. Rad1 e5 23. dxe5 Qc7 24. Bh3 Bc5 25. Bxg4 hxg4 26. Qxg4 Qf7 27. Be3 Bxe3 28. fxe3 Qe7 29. Rxf8+ Kxf8 30. Ne2 Ra8 31. Nf4 Qe8 32. Ne6+ Kg8 33. Rf1 Qe7 34. h5 gxh5 35. Qxh5 Nd7 36. g6 Nf6 37. Rxf6 gxf6 38. exf6 Qxe6 39. Qh7+ 1-0

[Event "St Petersburg Summer op"]
[Site "St Petersburg"]
[Date "2016.08.23"]
[Round "7"]
[White "Mestnikov, Aidin"]
[Black "Glazov, Anatoly"]
[Result "0-1"]
[WhiteElo "1649"]
[BlackElo "1766"]
[PlyCount "82"]
[EventDate "2016.08.17"]
[EventType "swiss"]
[EventRounds "9"]
[EventCountry "RUS"]
[SourceTitle "CBM 174 Extra"]
[Source "ChessBase"]
[SourceDate "2016.10.10"]
[SourceVersion "1"]
[SourceVersionDate "2016.10.10"]
[SourceQuality "1"]

1. d4 Nf6 2. Nf3 d5 3. Bf4 Nc6 4. e3 Nh5 5. Bg3 Nxg3 6. hxg3 Bf5 7. c4 e6 8. Nc3 Bb4 9. a3 Be7 10. c5 0-0 11. Bd3 Bxd3 12. Qxd3 g6 13. Rh3 Kg7 14. Ne2 b6 15. b4 bxc5 16. dxc5 Bf6 17. Rd1 Ne5 18. Nxe5 Bxe5 19. f4 Bf6 20. g4 c6 21. Kf2 a5 22. g5 Be7 23. Rdh1 Rh8 24. Nd4 Qd7 25. Qc3 f6 26. g4 axb4 27. axb4 e5 28. fxe5 fxe5 29. Nf3 d4 30. exd4 Qxg4 31. dxe5 Ra2+ 32. Nd2 Bxg5 33. e6+ Bf6 34. Qd3 Bd4+ 35. Ke1 Ra1+ 36. Nb1 Qxe6+ 37. Kd1 Qg4+ 38. Kc1 Qf4+ 39. Kd1 h5 40. Rf1 Rxb1+ 41. Kc2 Rxf1 0-1

[Event "St Petersburg Summer op"]
[Site "St Petersburg"]
[Date "2016.08.22"]
[Round "6"]
[White "Glazov, Anatoly"]
[Black "Tretyakov, Stepan"]
[Result "0-1"]
[WhiteElo "1766"]
[BlackElo "2122"]
[PlyCount "64"]
[EventDate "2016.08.17"]
[EventType "swiss"]
[EventRounds "9"]
[EventCountry "RUS"]
[SourceTitle "CBM 174 Extra"]
[Source "ChessBase"]
[SourceDate "2016.10.10"]
[SourceVersion "1"]
[SourceVersionDate "2016.10.10"]
[SourceQuality "1"]

1. c4 Nf6 2. d4 g6 3. Nc3 Bg7 4. e4 d6 5. Nf3 0-0 6. Be2 e5 7. Bg5 h6 8. Bh4 exd4 9. Nxd4 Re8 10. Qd3 Nc6 11. Nxc6 bxc6 12. 0-0 g5 13. Bg3 Qe7 14. f3 Nh5 15. f4 Nxg3 16. Qxg3 Rb8 17. Rab1 Be6 18. f5 Bd4+ 19. Kh1 Bd7 20. Bh5 Qe5 21. Qxe5 Rxe5 22. Bf3 Rb4 23. Rfd1 Bxc3 24. bxc3 Rb6 25. Rb4 g4 26. Bxg4 Rxe4 27. Bf3 Rxb4 28. cxb4 Rxc4 29. Rb1 Kg7 30. g4 Kf6 31. Rb2 Rc3 32. Bg2 Rc1+ 0-1

[Event "St Petersburg Summer op"]
[Site "St Petersburg"]
[Date "2016.08.20"]
[Round "4"]
[White "Glazov, Anatoly"]
[Black "Stepanov, Andrey"]
[Result "0-1"]
[WhiteElo "1766"]
[BlackElo "1995"]
[PlyCount "64"]
[EventDate "2016.08.17"]
[EventType "swiss"]
[EventRounds "9"]
[EventCountry "RUS"]
[SourceTitle "CBM 174 Extra"]
[Source "ChessBase"]
[SourceDate "2016.10.10"]
[SourceVersion "1"]
[SourceVersionDate "2016.10.10"]
[SourceQuality "1"]

1. d4 Nf6 2. c4 g6 3. Nc3 d5 4. Nf3 Bg7 5. e3 0-0 6. Be2 c5 7. cxd5 Qa5 8. dxc5 Nxd5 9. Qxd5 Bxc3+ 10. Bd2 Rd8 11. Bxc3 Qxc3+ 12. bxc3 Rxd5 13. 0-0 Rxc5 14. Rac1 Be6 15. c4 Nc6 16. Nd4 Rc8 17. Nxe6 fxe6 18. Rfd1 Rc7 19. f4 Kf7 20. Kf2 Na5 21. Rd4 b5 22. e4 Nxc4 23. Bxc4 bxc4 24. Rc2 e5 25. fxe5 Ke6 26. a4 Kxe5 27. Ke3 c3 28. Kd3 e6 29. Rb4 Rd7+ 30. Ke3 a6 31. Rb6 Rc4 32. Rxa6 Rxe4+ 0-1

[Event "Chigorin Memorial 23rd"]
[Site "St Petersburg"]
[Date "2015.10.11"]
[Round "9"]
[White "Glazov, Anatoly"]
[Black "Lemeshev, Roman"]
[Result "1-0"]
[WhiteElo "1827"]
[BlackElo "1763"]
[PlyCount "111"]
[EventDate "2015.10.03"]
[EventType "swiss"]
[EventRounds "9"]
[EventCountry "RUS"]
[SourceTitle "CBM 168 Extra"]
[Source "ChessBase"]
[SourceDate "2015.10.29"]
[SourceVersion "1"]
[SourceVersionDate "2015.10.29"]
[SourceQuality "1"]

1. Nf3 Nf6 2. c4 g6 3. d4 Bg7 4. Nc3 d5 5. Bg5 c6 6. e3 Ne4 7. Nxe4 dxe4 8. Nd2 Qa5 9. Bf4 e5 10. dxe5 Bxe5 11. Bxe5 Qxe5 12. Qc2 Bf5 13. Be2 Nd7 14. g4 Be6 15. Nxe4 f5 16. gxf5 Bxf5 17. Bd3 0-0-0 18. 0-0-0 Bxe4 19. Bxe4 Nc5 20. Bg2 Rxd1+ 21. Qxd1 Rd8 22. Qg4+ Kc7 23. Qg3 Nd3+ 24. Kc2 Qxg3 25. hxg3 Nxf2 26. Rxh7+ Kb6 27. c5+ Kxc5 28. Rxb7 Ng4 29. Re7 Rf8 30. Kc3 Rf2 31. Bh3 Nf6 32. Re5+ Nd5+ 33. Kd3 Rxb2 34. e4 Rh2 35. Bc8 Kd6 36. Re6+ Kc7 37. exd5 Kxc8 38. Rxc6+ Kd7 39. a4 Ra2 40. Ra6 Ra3+ 41. Kd4 Rxg3 42. Rxa7+ Kd6 43. Ra6+ Kd7 44. a5 Rg1 45. Rf6 Rd1+ 46. Kc5 Rc1+ 47. Kb6 Rb1+ 48. Ka7 Rb5 49. a6 Rxd5 50. Kb7 Rc5 51. a7 Rc7+ 52. Kb6 Rc8 53. Rxg6 Ra8 54. Kb7 Rc8 55. Rg7+ Kd8 56. Rg8+ 1-0

[Event "Chigorin Memorial 23rd"]
[Site "St Petersburg"]
[Date "2015.10.05"]
[Round "3"]
[White "Lazhevskaya, Zhanni"]
[Black "Glazov, Anatoly"]
[Result "1/2-1/2"]
[WhiteElo "2098"]
[BlackElo "1827"]
[PlyCount "123"]
[EventDate "2015.10.03"]
[EventType "swiss"]
[EventRounds "9"]
[EventCountry "RUS"]
[SourceTitle "CBM 168 Extra"]
[Source "ChessBase"]
[SourceDate "2015.10.29"]
[SourceVersion "1"]
[SourceVersionDate "2015.10.29"]
[SourceQuality "1"]

1. e4 e5 2. Nf3 Nc6 3. d4 exd4 4. Bc4 Bb4+ 5. c3 dxc3 6. 0-0 d6 7. a3 Ba5 8. b4 Bb6 9. Nxc3 Nf6 10. e5 dxe5 11. Qxd8+ Nxd8 12. Nxe5 0-0 13. Bb2 Be6 14. Bd3 Bb3 15. Ne4 Nxe4 16. Bxe4 Re8 17. Rfe1 c6 18. Nd7 Ne6 19. Nxb6 axb6 20. Re3 Bc4 21. Rc1 b5 22. Rce1 Rad8 23. h4 Rd2 24. Bc1 Rd4 25. Bb2 Rd2 26. Bc1 Rd6 27. Bc2 Red8 28. g4 Rd4 29. f3 h5 30. Be4 hxg4 31. fxg4 Rd1 32. Kf2 Nf4 33. Bc2 Rxe1 34. Rxe1 Ne6 35. Be3 Bd3 36. Bb3 Bc4 37. Bc2 Nc7 38. Be4 Bd5 39. Bb6 Bxe4 40. Bxc7 Rd2+ 41. Re2 Rd4 42. Be5 Rc4 43. Re3 f6 44. Bc3 Kf7 45. Kg3 Bc2 46. g5 f5 47. Be5 Rg4+ 48. Kh3 Kg6 49. Bg3 Be4 50. Re2 Kh5 51. Rf2 Bd3 52. Rf4 b6 53. Rxg4 Bf1+ 54. Kh2 Kxg4 55. Bf2 c5 56. bxc5 bxc5 57. Bxc5 Kxh4 58. g6 Kg5 59. Kg3 f4+ 60. Kf2 Bc4 61. Bd4 Kxg6 62. Kf3 1/2-1/2

[Event "Chigorin Memorial 22nd"]
[Site "St Petersburg"]
[Date "2014.10.26"]
[Round "9"]
[White "Glazov, Anatoly"]
[Black "Mrykhin, Igor"]
[Result "1-0"]
[WhiteElo "1887"]
[BlackElo "2151"]
[PlyCount "87"]
[EventDate "2014.10.18"]
[EventType "swiss"]
[EventRounds "9"]
[EventCountry "RUS"]
[SourceTitle "EXT 2015"]
[Source "ChessBase"]
[SourceDate "2014.11.20"]
[SourceVersion "1"]
[SourceVersionDate "2014.11.20"]
[SourceQuality "1"]

1. f4 Nf6 2. Nf3 d5 3. b3 g6 4. Bb2 Bg7 5. e3 0-0 6. Be2 c5 7. Ne5 Qc7 8. Nc3 a6 9. Bf3 e6 10. 0-0 Nfd7 11. d4 cxd4 12. exd4 Nc6 13. Rc1 f6 14. Nxd5 exd5 15. Bxd5+ Kh8 16. Nf7+ Rxf7 17. Bxf7 Nb6 18. Bc4 Nxc4 19. bxc4 f5 20. Bc3 Bd7 21. Qd3 Na5 22. Bxa5 Qxa5 23. Rb1 b5 24. c5 Qa4 25. c3 Be6 26. Qf3 Rd8 27. Qb7 Qxa2 28. Qe7 Qd5 29. Rfe1 Bc8 30. c6 Rg8 31. Qc7 Bf6 32. Re3 Qd8 33. Qxd8 Rxd8 34. d5 Rxd5 35. Re8+ Kg7 36. Rxc8 Bxc3 37. Ra8 Rc5 38. Rxa6 b4 39. Ra7+ Kf6 40. c7 Ke6 41. Kf1 Bd2 42. g3 Rc2 43. Rb2 Rc1+ 44. Ke2 1-0

[Event "Chigorin Memorial 22nd"]
[Site "St Petersburg"]
[Date "2014.10.21"]
[Round "4"]
[White "Dobrovlyanskiy, Dmitriy"]
[Black "Glazov, Anatoly"]
[Result "1/2-1/2"]
[WhiteElo "2117"]
[BlackElo "1887"]
[PlyCount "91"]
[EventDate "2014.10.18"]
[EventType "swiss"]
[EventRounds "9"]
[EventCountry "RUS"]
[SourceTitle "EXT 2015"]
[Source "ChessBase"]
[SourceDate "2014.11.20"]
[SourceVersion "1"]
[SourceVersionDate "2014.11.20"]
[SourceQuality "1"]

1. d4 Nf6 2. Nf3 d5 3. g3 c6 4. Bg2 Nbd7 5. 0-0 e6 6. c4 Bd6 7. Qc2 0-0 8. Nbd2 Re8 9. Rd1 e5 10. dxe5 Nxe5 11. Nxe5 Bxe5 12. Nf3 Bc7 13. Bg5 h6 14. Bxf6 Qxf6 15. cxd5 Bd7 16. Nd4 Bb6 17. e3 Rac8 18. dxc6 bxc6 19. a4 Bg4 20. Rd3 c5 21. Nb5 c4 22. Rd6 Qe7 23. h3 Bh5 24. Rd5 Bg6 25. Qd2 Red8 26. Nd6 Rc5 27. Nb5 Rcxd5 28. Bxd5 Be4 29. Nc3 Ba5 30. Qd4 Bxc3 31. Qxe4 Qxe4 32. Bxe4 Bxb2 33. Rb1 Rd2 34. Kf1 g6 35. Ke1 Bc3 36. Kf1 Bb2 37. g4 Kg7 38. Ke1 c3 39. Rd1 c2 40. Kxd2 cxd1Q+ 41. Kxd1 Kf6 42. f4 g5 43. Bd5 Ke7 44. Ke2 Bc1 45. Kf3 f6 46. Ke4 1/2-1/2

[Event "Chigorin Memorial 21st"]
[Site "St Petersburg"]
[Date "2013.10.12"]
[Round "8"]
[White "Glazov, Anatoly"]
[Black "Tarakanova, Valeria"]
[Result "1-0"]
[WhiteElo "1900"]
[BlackElo "1775"]
[PlyCount "87"]
[EventDate "2013.10.05"]
[EventType "swiss"]
[EventRounds "9"]
[EventCountry "RUS"]
[SourceTitle "CBM 156 Extra"]
[Source "ChessBase"]
[SourceDate "2013.10.22"]
[SourceVersion "1"]
[SourceVersionDate "2013.10.22"]
[SourceQuality "1"]

1. Nf3 Nc6 2. d4 d5 3. Bf4 Bg4 4. Ne5 Nxe5 5. Bxe5 e6 6. f3 Bf5 7. Nd2 Nf6 8. e3 Be7 9. g4 Bg6 10. h4 h6 11. Qe2 c5 12. Qb5+ Qd7 13. dxc5 0-0 14. Qa5 Rfc8 15. Bb5 Rxc5 16. Bxd7 Rxa5 17. Bc3 Rc5 18. Ba4 Rac8 19. Ke2 a6 20. Bb4 R5c7 21. Ba5 b6 22. Bxb6 Rb7 23. Bd4 Bxc2 24. Rac1 Rbc7 25. Rxc2 Rxc2 26. Bxc2 Rxc2 27. Bc3 Ba3 28. Kd3 Rxb2 29. Bxb2 Bxb2 30. Rb1 Ba3 31. Rb8+ Kh7 32. Rb7 g5 33. hxg5 hxg5 34. Rxf7+ Kg6 35. Ra7 e5 36. Rxa6 Bb2 37. e4 d4 38. Nc4 Bc3 39. Nxe5+ Kg7 40. Ra7+ Kh6 41. Nc6 Be1 42. Nxd4 Bf2 43. Nf5+ Kg6 44. Rg7# 1-0

[Event "Chigorin Memorial 21st"]
[Site "St Petersburg"]
[Date "2013.10.11"]
[Round "7"]
[White "Glazov, Anatoly"]
[Black "Grachev, Andrey"]
[Result "0-1"]
[WhiteElo "1900"]
[BlackElo "2110"]
[PlyCount "94"]
[EventDate "2013.10.05"]
[EventType "swiss"]
[EventRounds "9"]
[EventCountry "RUS"]
[SourceTitle "CBM 156 Extra"]
[Source "ChessBase"]
[SourceDate "2013.10.22"]
[SourceVersion "1"]
[SourceVersionDate "2013.10.22"]
[SourceQuality "1"]

1. c4 d6 2. d4 e5 3. dxe5 dxe5 4. Qxd8+ Kxd8 5. Nc3 c6 6. Nf3 f6 7. e4 Be6 8. Be3 Nd7 9. 0-0-0 Kc7 10. Be2 g6 11. Rd3 Nh6 12. h3 Nf7 13. Rhd1 Be7 14. Nd2 Nc5 15. Bxc5 Bxc5 16. Rf3 Be7 17. Rd3 Rhd8 18. g4 Rxd3 19. Bxd3 Ng5 20. h4 Nh3 21. f3 Nf2 22. Be2 Nxd1 23. Kxd1 Rd8 24. Kc2 h5 25. a3 Rh8 26. gxh5 Rxh5 27. f4 Rxh4 28. fxe5 fxe5 29. Nf3 Rh5 30. b4 Bf6 31. b5 Rh3 32. c5 g5 33. a4 g4 34. Ne1 Rh2 35. Kd3 Bh4 36. Kd2 Rh1 37. Ng2 Bg5+ 38. Kd3 Rh3+ 39. Kc2 Rh2 40. Ne1 g3 41. Nf3 Bg4 42. Nxh2 gxh2 43. Bxg4 h1Q 44. Bf5 Qc1+ 45. Kb3 Bd2 46. Na2 Qb1+ 47. Ka3 Be3 0-1

[Event "Chigorin Memorial 21st"]
[Site "St Petersburg"]
[Date "2013.10.09"]
[Round "5"]
[White "Bezobrazov, Lev"]
[Black "Glazov, Anatoly"]
[Result "0-1"]
[WhiteElo "1648"]
[BlackElo "1900"]
[PlyCount "50"]
[EventDate "2013.10.05"]
[EventType "swiss"]
[EventRounds "9"]
[EventCountry "RUS"]
[SourceTitle "CBM 156 Extra"]
[Source "ChessBase"]
[SourceDate "2013.10.22"]
[SourceVersion "1"]
[SourceVersionDate "2013.10.22"]
[SourceQuality "1"]

1. Nf3 d5 2. c4 c6 3. b3 Nd7 4. Bb2 Ngf6 5. g3 Qc7 6. d4 e6 7. Bg2 Bb4+ 8. Nbd2 Ne4 9. 0-0 f5 10. e3 Ndf6 11. a3 Bd6 12. Ne5 g5 13. cxd5 exd5 14. Nxe4 dxe4 15. f3 exf3 16. Bxf3 h5 17. Rc1 Bxe5 18. dxe5 Ng4 19. Qd4 Be6 20. b4 Rd8 21. Qc3 Qb6 22. Bxg4 hxg4 23. Qc5 Qxc5 24. bxc5 Rd2 25. Bc3 Rdxh2 0-1

[Event "Chigorin Memorial 21st"]
[Site "St Petersburg"]
[Date "2013.10.06"]
[Round "2"]
[White "Glazov, Anatoly"]
[Black "Emdin, Mark"]
[Result "0-1"]
[WhiteElo "1900"]
[BlackElo "2177"]
[PlyCount "120"]
[EventDate "2013.10.05"]
[EventType "swiss"]
[EventRounds "9"]
[EventCountry "RUS"]
[SourceTitle "CBM 156 Extra"]
[Source "ChessBase"]
[SourceDate "2013.10.22"]
[SourceVersion "1"]
[SourceVersionDate "2013.10.22"]
[SourceQuality "1"]

1. e4 e6 2. d4 d5 3. Nc3 Nf6 4. Bg5 Be7 5. e5 Nfd7 6. Bxe7 Qxe7 7. Bd3 a6 8. f4 c5 9. Qg4 f6 10. Nf3 Nc6 11. Bxh7 f5 12. Bg6+ Kd8 13. Qg3 cxd4 14. Ng5 Kc7 15. Ne2 Nf8 16. Nf7 Rh4 17. h3 Bd7 18. 0-0-0 Nxg6 19. Qxg6 Be8 20. Qxg7 Bxf7 21. Qg3 Bh5 22. Rhe1 Bxe2 23. Rxe2 Rh7 24. Qf3 Qh4 25. Rf1 Rg8 26. Qa3 Qe7 27. Qd3 Rhg7 28. Rff2 Rg3 29. Qd2 Qb4 30. Qd1 Kb8 31. Rd2 Qa5 32. a3 Qb6 33. b3 Qc5 34. Kb2 Qc3+ 35. Ka2 a5 36. Rd3 Rxd3 37. Qxd3 Qxd3 38. cxd3 Rg3 39. Rd2 Ne7 40. Rf2 Rxd3 41. h4 Rg3 42. h5 Ng8 43. Kb2 Nh6 44. Kc2 Rg4 45. Kd3 Rh4 46. Kxd4 Rxh5 47. Kc5 Ng4 48. Rc2 Kc7 49. Kb5+ Kb8 50. Kxa5 Rh7 51. Kb6 d4 52. Rd2 Rd7 53. a4 d3 54. Kc5 Ne3 55. Kb6 Nf1 56. Rd1 d2 57. Rxf1 d1Q 58. Rxd1 Rxd1 59. b4 Rd4 60. Kc5 Rd2 0-1

[Event "Chigorin Memorial 21st"]
[Site "St Petersburg"]
[Date "2013.10.05"]
[Round "1"]
[White "Pasiev, Rakhim"]
[Black "Glazov, Anatoly"]
[Result "1-0"]
[WhiteElo "2385"]
[BlackElo "1900"]
[PlyCount "61"]
[EventDate "2013.10.05"]
[EventType "swiss"]
[EventRounds "9"]
[EventCountry "RUS"]
[SourceTitle "CBM 156 Extra"]
[Source "ChessBase"]
[SourceDate "2013.10.22"]
[SourceVersion "1"]
[SourceVersionDate "2013.10.22"]
[SourceQuality "1"]

1. e4 c5 2. Nf3 Nc6 3. d4 cxd4 4. Nxd4 Nf6 5. Nc3 e5 6. Ndb5 d6 7. Bg5 a6 8. Na3 Be7 9. Bxf6 Bxf6 10. Nc4 Nd4 11. Nd5 b5 12. Ncb6 Rb8 13. Nxc8 Rxc8 14. c3 Nc6 15. a4 Rb8 16. axb5 axb5 17. Ra6 Qc8 18. Bxb5 Rxb5 19. Qa4 Rxb2 20. Ra8 Rb8 21. Rxb8 Qxb8 22. Qxc6+ Kf8 23. 0-0 Bd8 24. Qd7 g5 25. Rd1 h5 26. Ne3 Rh6 27. Nf5 Rf6 28. Nxd6 Qc7 29. Qe8+ Kg7 30. Nf5+ Rxf5 31. Rxd8 1-0

[Event "St Petersburg Blockade op"]
[Site "St Petersburg"]
[Date "2013.01.03"]
[Round "1"]
[White "Glazov, Anatoly"]
[Black "Tochanskaya, Alexandra"]
[Result "0-1"]
[WhiteElo "1895"]
[BlackElo "1472"]
[PlyCount "43"]
[EventDate "2013.01.03"]
[EventType "swiss"]
[EventRounds "9"]
[EventCountry "RUS"]
[SourceTitle "CBM 152 Extra"]
[Source "ChessBase"]
[SourceDate "2013.02.25"]
[SourceVersion "1"]
[SourceVersionDate "2013.02.25"]
[SourceQuality "1"]

1. e4 e5 2. Nf3 Nc6 3. Bb5 a6 4. Ba4 Nf6 5. 0-0 Nxe4 6. Re1 Nc5 7. Bxc6 bxc6 8. d4 Ne6 9. Nxe5 Be7 10. Nc3 0-0 11. Bf4 Nxf4 12. Qf3 Ng6 13. Rad1 Nxe5 14. dxe5 Bb7 15. Ne4 d6 16. Qg3 d5 17. Re3 f5 18. exf6 Bxf6 19. Nc5 Bc8 20. Rf3 Qd6 21. Ne4 Qxg3 22. Nxf6+ 0-1

[Event "Chigorin Memorial 20th"]
[Site "St Petersburg"]
[Date "2012.11.04"]
[Round "9"]
[White "Glazov, Anatoly"]
[Black "Petrochenko, Maria"]
[Result "1-0"]
[WhiteElo "1835"]
[BlackElo "1716"]
[PlyCount "65"]
[EventDate "2012.10.27"]
[EventType "swiss"]
[EventRounds "9"]
[EventCountry "RUS"]
[SourceTitle "EXT 2013"]
[Source "ChessBase"]
[SourceDate "2012.11.22"]
[SourceVersion "1"]
[SourceVersionDate "2012.11.22"]
[SourceQuality "1"]

1. Nf3 d5 2. c4 d4 3. d3 c5 4. g3 Nc6 5. Bg2 e5 6. 0-0 Bd6 7. Nbd2 Nge7 8. Ne4 0-0 9. e3 f5 10. Nxd6 Qxd6 11. Re1 Ng6 12. Ng5 Nce7 13. exd4 exd4 14. Qh5 h6 15. Nh3 Rd8 16. Nf4 Nxf4 17. Bxf4 Qf6 18. Re2 Ng6 19. Bc7 Rf8 20. Bd5+ Kh7 21. f4 Ne7 22. Bf3 Nc6 23. Rae1 Rf7 24. Be5 Nxe5 25. Rxe5 g6 26. Qh3 Qd6 27. Re8 Qf6 28. Bd5 Rc7 29. Rg8 h5 30. Ree8 Kh6 31. Rgf8 Qd6 32. Qh4 Kg7 33. Rg8+ 1-0

[Event "Chigorin Memorial 20th"]
[Site "St Petersburg"]
[Date "2012.10.30"]
[Round "4"]
[White "Glazov, Anatoly"]
[Black "Panov, Konstantin"]
[Result "1-0"]
[WhiteElo "1835"]
[BlackElo "1607"]
[PlyCount "105"]
[EventDate "2012.10.27"]
[EventType "swiss"]
[EventRounds "9"]
[EventCountry "RUS"]
[SourceTitle "EXT 2013"]
[Source "ChessBase"]
[SourceDate "2012.11.22"]
[SourceVersion "1"]
[SourceVersionDate "2012.11.22"]
[SourceQuality "1"]

1. d4 d5 2. c4 c6 3. Nc3 Nf6 4. Nf3 Bf5 5. e3 e6 6. Be2 dxc4 7. Bxc4 Bb4 8. Qb3 Bxc3+ 9. bxc3 b5 10. Be2 0-0 11. Ba3 Re8 12. 0-0 Nbd7 13. Rad1 Nd5 14. Rfe1 Qa5 15. Rc1 Be4 16. Nd2 N7f6 17. f3 Bg6 18. e4 Nf4 19. Bf1 Qc7 20. g3 N4h5 21. Bg2 h6 22. f4 Nd7 23. Rf1 Nhf6 24. Rce1 Nb6 25. Rf2 Bh5 26. h3 Bg6 27. Ref1 Bh7 28. g4 a6 29. g5 hxg5 30. fxg5 Nh5 31. e5 Nd5 32. c4 bxc4 33. Nxc4 Reb8 34. Qf3 Bg6 35. Bd6 Qd8 36. Bxb8 Rxb8 37. h4 Nhf4 38. Qg3 Rb7 39. Rxf4 Nxf4 40. Qxf4 Qc7 41. Nd6 Rb4 42. Rc1 Qa7 43. Rxc6 Rxd4 44. Qf2 Rd1+ 45. Bf1 Qxf2+ 46. Kxf2 Rd2+ 47. Ke3 Rxa2 48. Rxa6 Rb2 49. Ra8+ Kh7 50. Bd3 Rb3 51. Ne4 Rb2 52. h5 Bxh5 53. Nf6# 1-0